000 00274nam a2200097Ia 4500
005 20251222114411.0
008 251222s1900||||xx |||||||||||||| ||spa||
082 _aDVD0192/U61/2000
245 0 _aSeminario de ética: proyecto genoma humano - bioética y bioderecho:
942 _cDVD
999 _c2042
_d2042